000 007320000a22002410004500
003 LK-CoMWRAF
008 230817t ||||| |||| 00| 0 eng d
040 _aLK-CoMWRAF
_dLK-CoMWRAF
_eLK-CoMWRAF
041 _aeng
082 _a150
_bTEA
245 _aThe Teachings of Islam
_b
260 _bAnjuman-e-Tarraqqi Islam
_a
_c
300 _ap.165
650 _aAttributes of God
650 _aExistence of God
650 _aMoral Conditions<Chastity, Honesty, Meekness, Politeness, Forgiveness, Goodness, Courage, Veracity, Patience, Sympathy
650 _aMuslim Laws
650 _aPhysical Conditions
650 _aSpiritual Conditions
650 _aTeachings of Holy Quran
650 _aWhat is Inspiration
942 _cBK
999 _c1706
_d1706